000 00940nam0a22002411 4500
001 rc\2151875
005 20260408073825.0
035 _a(NLR Aleph) 006493027
090 _a6152536
_c6152536
100 _a20110829d1979 |||y0rusy50 ca
101 0 _arus
102 _aRU
105 _aa b |||||
200 1 _aСистема блочных унифицированных конструкций (БУК-б)
_e[Каталог]
210 _aМосква
_cИнформэлектро
_d1979
215 _a28 с., 1 л. черт.
_cил.
_d29
225 1 _aИнформэлектро
_v08.05.05-79
_iЭлектротехника СССР
712 0 2 _aВНИИ информации и технико-экономических исследований в электротехнике
_9630538
_3RU\NLR\AUTH\8810064479
801 0 _aRU
_bNLR
_gpsbo
801 1 _aRU
_bELAR
_2rusmarc
852 _aNLR
_jПт 20/1-08.05.05-79
942 _cBOOK
980 _aNB